FA Cup Finalists - Statistics

General Stats
  • This quiz has been taken 4,327 times
  • The average score is 41 of 57
Answer Stats
Answer % Correct
Manchester City
98%
Manchester United
98%
Arsenal
97%
Chelsea
97%
Liverpool
97%
Tottenham Hotspur
93%
Aston Villa
90%
Everton
90%
Newcastle United
90%
Leicester City
89%
West Ham United
88%
Nottingham Forest
86%
Leeds United
85%
Sunderland
85%
Crystal Palace
84%
Wolverhampton Wanderers
84%
Southampton
83%
Wigan Athletic
82%
Cardiff City
81%
Portsmouth
81%
Sheffield United
81%
Sheffield Wednesday
80%
Watford
79%
West Bromwich Albion
78%
Brighton & Hove Albion
77%
Ipswich Town
77%
Burnley
76%
Fulham
76%
Hull City
76%
Bolton Wanderers
75%
Derby County
75%
Birmingham City
74%
Wimbledon
73%
Blackpool
72%
Stoke City
72%
Coventry City
71%
Preston North End
71%
Queens Park Rangers
70%
Huddersfield Town
68%
Middlesbrough
65%
Charlton Athletic
64%
Millwall
63%
Luton Town
60%
Notts County
60%
Bradford City
59%
Barnsley
58%
Bury
55%
Blackburn Rovers
54%
Wanderers
52%
Bristol City
51%
Old Etonians
45%
Oxford University
43%
Royal Engineers
43%
Blackburn Olympic
38%
Clapham Rovers
30%
Old Carthusians
29%
Queen's Park
29%
No matching quizzes found
Score Distribution
Percent of People with Each Score
Percentile by Number Answered
Your Score History
You have not taken this quiz